Engineering economic analysis / (Record no. 541442)

000 -LEADER
fixed length control field 00829cam a2200217 a 4500
020 ## - INTERNATIONAL STANDARD BOOK NUMBER
International Standard Book Number 1576450538
082 00 - DEWEY DECIMAL CLASSIFICATION NUMBER
Classification number 658.15
Author Mark NEW
-- N-02, P-59
100 1# - MAIN ENTRY--PERSONAL NAME
Personal name Newnan, Donald G.
9 (RLIN) 24913
245 10 - TITLE STATEMENT
Title Engineering economic analysis /
Statement of responsibility, etc. Donald G. Newnan, Jerome P. Lavelle, Ted G. Eschenbach.
250 ## - EDITION STATEMENT
Edition statement 8th ed.
260 ## - PUBLICATION, DISTRIBUTION, ETC.
Place of publication, distribution, etc. Austin, Tex. :
Name of publisher, distributor, etc. Engineering Press,
Date of publication, distribution, etc. c2000.
300 ## - PHYSICAL DESCRIPTION
Extent viii, 694 p. :
Other physical details ill. ;
Dimensions 24 cm.
500 ## - GENERAL NOTE
General note "No software is included in this book"--Cover p. 4.
526 ## - STUDY PROGRAM INFORMATION NOTE
Program name 0
Interest level 0
Reading level 0
Title point value 658_150000000000000_NEW
650 #0 - SUBJECT ADDED ENTRY--TOPICAL TERM
Topical term or geographic name entry element Engineering economy.
Topical term following geographic name entry element NUST
9 (RLIN) 36209
700 1# - ADDED ENTRY--PERSONAL NAME
Personal name Eschenbach, Ted.
9 (RLIN) 36210
700 1# - ADDED ENTRY--PERSONAL NAME
Personal name Lavelle, Jerome P.
9 (RLIN) 24917
856 41 - ELECTRONIC LOCATION AND ACCESS
Uniform Resource Identifier <a href="http://www.loc.gov/catdir/enhancements/fy0639/00702772-t.html">http://www.loc.gov/catdir/enhancements/fy0639/00702772-t.html</a>
856 42 - ELECTRONIC LOCATION AND ACCESS
Uniform Resource Identifier <a href="http://www.loc.gov/catdir/enhancements/fy0639/00702772-d.html">http://www.loc.gov/catdir/enhancements/fy0639/00702772-d.html</a>
942 ## - ADDED ENTRY ELEMENTS (KOHA)
Source of classification or shelving scheme
Koha item type Book
Holdings
Withdrawn status Lost status Source of classification or shelving scheme Damaged status Not for loan Permanent Location Current Location Date acquired Total Checkouts Total Renewals Full call number Barcode Date last seen Date last checked out Copy number Price effective from Koha item type
          Military College of Engineering (MCE) Military College of Engineering (MCE) 07/22/2013 6 4 658.15 NEW MCE-47489 07/07/2020 06/23/2020 01 03/14/2021 Book
© 2023 Central Library, National University of Sciences and Technology. All Rights Reserved.